Physical Metallurgy : Principles and Design /

Saved in:
Bibliographic Details
Main Author: Haidemenopoulos, Gregory N. (Author)
Format: Book
Language:English
Published: Boca Raton CRC 2018
Subjects:
Tags: Add Tag
No Tags, Be the first to tag this record!

MARC

LEADER 00000nam a22000003a 4500
001 0084772
003 SK-STU
005 20201130103843.9
007 ta
008 201130s ----xo-----e------000-0-----d
020 |a 978-1-1386-2768-0 
040 |a STU  |b slo 
041 0 |a eng 
044 |a xxu 
100 1 |a Haidemenopoulos, Gregory N.  |4 aut 
245 1 0 |a Physical Metallurgy :  |b Principles and Design /  |c aut. Gregory N Haidemenopoulos 
260 |a Boca Raton  |b CRC  |c 2018 
300 |a 475 s. 
650 0 7 |a fyzikálna metalurgia 
996 |b 284M088495  |c M* 14398-1  |l MMKN  |s A  |a 24  |w 0084772_0001